[Event "Linares 14th"]
[Site "Linares"]
[Date "1997.02.16"]
[Round "11"]
[White "Kasparov, Garry"]
[Black "Kramnik, Vladimir"]
[Result "1-0"]
[WhiteElo "2795"]
[BlackElo "2740"]
[Annotator "Psakhis,Lev"]
[PlyCount "113"]
[EventDate "1997.02.04"]
[EventType "tourn"]
[EventRounds "11"]
[EventCountry "ESP"]
[EventCategory "18"]
[SourceTitle "CBM 057"]
[Source "ChessBase"]
[SourceDate "1997.04.01"]
[SourceVersion "1"]
[SourceVersionDate "1997.04.01"]
[SourceQuality "1"]

1. d4 Nf6 2. c4 e6 3. Nc3 Bb4 {Surprise for Kasparov. Kramnik never played Nimzo in his life. Gary made now every move after long thoughts.} 4. e3 {I suspect, that two great K spent a lot time together anylizing 4.Qc2} O-O 5. Bd3 c5 6. Nf3 d5 7. O-O Nc6 8. a3 Bxc3 9. bxc3 dxc4 10. Bxc4 Qc7 11. Ba2 b6 {Rare move.Normal continuation here} (11... e5 {g4} 12. h3 b6) 12. Re1 $5 (12. Qe2 e5 13. d5 e4 14. Nd2 Ne5 15. c4 {[%cal Yf2f4]} Neg4 16. f4 exf3 17. gxf3 Ne5 18. Kh1 {1-0 Furman,S-Kondratiev,P/Leningrad 1952 (32)}) 12... e5 13. e4 Bg4 $6 {New and not best move. Clearly stronger} (13... cxd4 $5 14. cxd4 exd4 15. Bg5 (15. e5 Ng4) 15... Bg4 16. Bxf6 gxf6 17. h3 Bxf3 18. Qxf3 Qe5 19. Rad1 Rac8 20. Rd3 Ne7 $13 {½-½ Knaak-Horvath,Cs/Dresden 1988 (56) with unclear game.}) 14. dxc5 $1 {Natural 14.d5 will be serious positional mistake- bishop on a2 could be closed for a long time.} bxc5 15. h3 Rad8 $146 ({RR} 15... Be6 16. Bxe6 fxe6 17. Be3 Nxe4 18. Qc2 Nf6 19. Bxc5 Rfd8 20. Ng5 Rd5 21. Be3 Rc8 22. Rab1 Nd4 23. Qb2 Rb5 24. Qd2 Rxb1 25. Rxb1 Qxc3 26. Qxc3 Ne2+ 27. Kh2 Nxc3 28. Rb3 Ncd5 29. Bxa7 e4 30. Rb8 {Babula,V (2545)-Kholmov,R (2475) Pardubice 1997 1-0 (54)}) 16. Qe2 Bxf3 17. Qxf3 $14 {[%cal Ya2f7,Yc1g5,Ya1b1] Kasparov has clear advandage with two bishops in open position.} Rd6 18. Bg5 $5 (18. Be3 Qa5) 18... h6 19. Bh4 Rfd8 (19... Rb8 20. Red1) 20. Rab1 $5 {[%cal Yb1b7]} Ne7 $5 {Kramnik trying to improve knight's position} (20... Rd3 21. Re3 {[%cal Rh4f6]}) 21. Bc4 Nc8 {[%cal Yc8b6]} (21... Ng6 $5 22. Bg3 Rd2 (22... Rb8 $6 23. Qf5 {[%cal Rf5g6]}) (22... Rb6 $5) 23. Qf5 Kh8 $14) 22. Bg3 Nb6 23. Bb5 Re6 24. a4 $1 {White has to push away knight from b6.} c4 $5 {[%csl Gd3]} (24... a5 $6 $16 {[%csl Rb5]}) 25. Qe2 Rd3 26. a5 Nc8 $6 ({Better chances for positive result gives} 26... Nbd7 $5 {For example:} 27. Rb4 Rxc3 28. Qa2 $1 (28. Qd2 Ra3 29. Rxc4 Qxa5) 28... Nc5 29. Rxc4 Rxc4 30. Bxc4 Rc6 31. Bd5 Nd3 $1 32. Bxc6 Nxe1 33. Bd5 Nd3 $14) 27. Rb4 $1 Rxc3 (27... Nd6 28. Bxc4 Nxc4 29. Qxd3 $18) 28. Rxc4 Rxc4 (28... Qxa5 $6 29. Qd2 $1 {Maybe Kramnik missed this move when he played 26...c8}) 29. Qxc4 Qb8 (29... Qxc4 30. Bxc4 Rc6 31. Bf1 Rc5 32. a6 {is not great choice also.}) 30. Qc5 $1 Nd6 31. Bd3 Nd7 32. Qa3 $16 {[%csl Ra7,Re5][%cal Ye1b1] White's plan is very easy: to play in good time a6, and to attack weak pawn on a7.} Nf8 33. Rb1 Qc7 34. Rc1 Qd8 35. a6 $1 Ng6 36. Qc5 Re7 37. f3 $1 {[%cal Yg3f2,Rf2a7]} Ne8 38. Bf1 {Difference between bishops and knights is very clear now.} Rc7 39. Qe3 Rd7 (39... Rxc1 40. Qxc1 {and Black can't protect a7 pawn.}) 40. Kh2 $5 {Kasparov shows that he has enough time for his plan and doesn't need to be in hurry.} Re7 41. Rc6 (41. Rb1 $142 $1 $18 {b7 Dokhoian}) 41... Kh7 42. Qc1 {Everything according to rules: Rook ahead of Queen on the open line.} Nc7 43. Qc3 Qd7 44. Rc5 Qd6 (44... Ne6 45. Rd5 Qc7 46. Bxe5 Nxe5 47. Qxe5 $18) 45. Bf2 Ne6 46. Rd5 Qb8 47. Rb5 Qd6 48. Rb7 {Rook came on b7- beggining of the end.} Nd4 49. Qb4 {Move by move, Kasparov blackmailed his opponent with queen exchange.} Qf6 (49... Qxb4 50. Rxb4 Rc7 51. Bxd4 (51. Rb7 Rc1 52. Bxd4 exd4 53. Bb5) 51... exd4 52. Rxd4 $18) 50. Qc5 Nc6 51. Be3 $1 Re6 52. Bc4 Re7 53. Bd5 $18 {With simple but strong moves Kasparov got a completely winning positions.} Nd4 54. Rxa7 Rxa7 55. Qxa7 Ne7 (55... Nxf3+ 56. gxf3 Qxf3 57. Qxf7 Nf4 (57... Qe2+ 58. Bf2) 58. Qf5+ Kh8 59. Qf8+ Kh7 60. Bg8+ Kg6 61. Qf5#) 56. Bc4 h5 57. Qc5 {Great positional achievments for Kasparov.} 1-0

[Event "Linares 15th"]
[Site "Linares"]
[Date "1998.03.08"]
[Round "13"]
[White "Kasparov, Garry"]
[Black "Kramnik, Vladimir"]
[Result "1/2-1/2"]
[WhiteElo "2825"]
[BlackElo "2790"]
[Annotator "Kostakiev,Dimitar"]
[PlyCount "103"]
[EventDate "1998.02.22"]
[EventType "tourn"]
[EventRounds "12"]
[EventCountry "ESP"]
[EventCategory "21"]
[SourceTitle "CBM 064"]
[Source "ChessBase"]
[SourceDate "1998.06.02"]
[SourceVersion "1"]
[SourceVersionDate "1998.06.02"]
[SourceQuality "1"]

{[%mdl 4376]} 1. d4 {Ftacnik} Nf6 2. c4 e6 3. Nc3 Bb4 4. Qc2 O-O 5. a3 Bxc3+ 6. Qxc3 b6 7. Nf3 Bb7 8. Bg5 d6 9. Nd2 Nbd7 10. f3 h6 11. Bh4 Rc8 12. e4 c5 13. Bd3 d5 $1 $146 (13... cxd4 14. Qxd4 Ne5 15. Be2 (15. O-O Ng6 16. Bf2 Qe7 17. Rfe1 Rfd8 18. Bf1 Nd7 19. a4 a5 {Gerstner,W-Farago,I/BL2-S9697 1997/BL2-S/½-½ (51)}) 15... Ng6 16. Bxf6 Qxf6 17. Qxf6 gxf6 18. g3 d5 19. exd5 exd5 20. Kf2 Ne5 $14 (20... Rfd8 $14 {½-½ Hoang Than Trang-Eperjesi,L/It (cat.2) Budapest (Hungary) 1994 (24)}) (20... Rfd8 {Ftacnik} 21. Rhd1 Ne5 22. b3 dxc4 23. Nxc4 Bd5 24. Nd2 Be6 25. Ne4 Bxb3 26. Nxf6+ Kg7 27. Nh5+ Kf8 {½-½ Hoang Than Trang-Eperjesi,L/Budapest FS07 IM 1994/EXT 94 (37)}) 21. cxd5 $14 {½-½ Hoang Than Trang-Lin Ye/Izt (w) Kishinev (Moldova) 1995 (23)} (21. cxd5 Bxd5 22. Rac1 Rfd8 23. Rhd1 Be6 24. Ne4 Kg7 {Hoang Than Trang-Lin Ye/Kishinev izt-W 1995/EXT 95/½-½ (80)})) (13... Nxe4 $2 {Ftacnik} 14. Bxe4 Qxh4+ 15. g3 $18) 14. exd5 (14. e5 g5 (14... Ne4 $1 {Ftacnik} 15. Bxd8 (15. Nxe4 Qxh4+ 16. g3 Qh5 17. Nd6 cxd4 18. Qxd4 Qxe5+ 19. Qxe5 Nxe5 $15) 15... Nxc3 16. Be7 Rfe8 17. bxc3 (17. Bd6 dxc4 18. Nxc4 Nd5 $15) 17... Rxe7 18. cxd5 Bxd5 $15) 15. Bf2 dxc4 16. Bxc4 Nd5 $15) (14. Bg3 $6 {Ftacnik} dxe4 15. Nxe4 Nxe4 16. Bxe4 Bxe4 17. fxe4 Nf6 $19) (14. dxc5 {Ftacnik} Nxe4 15. Nxe4 Qxh4+ 16. g3 Qe7 17. Nd6 Rxc5 18. Nxb7 Rc7 $17) 14... exd5 15. O-O {} (15. cxd5 {Ftacnik} Re8+ 16. Kf1 g5 17. Bf2 Nxd5 $17) 15... cxd4 (15... dxc4 $5 16. Nxc4 cxd4 $15) 16. Qxd4 Nc5 (16... dxc4 $5 17. Bxc4 Re8 $132) 17. Bxf6 (17. Bf5 $5 {Ftacnik} Ne6 (17... dxc4 $2 18. Bxf6 Qxf6 19. Qxf6 gxf6 20. Bxc8 $16) 18. Bxe6 fxe6 19. Rad1 (19. Rfe1) 19... Qc7 $14) 17... Qxf6 18. Qxf6 gxf6 19. Bf5 $14 {Kasparov must be better, but the damage is limited due to the active black pieces.} Rcd8 20. Rfe1 $146 (20. b4 $6 {Ftacnik} dxc4 21. Nxc4 Nb3 22. Rae1 Ba6 $15) ({RR} 20. b4 dxc4 21. Nxc4 Nb3 22. Rae1 Ba6 23. Re4 Rd4 24. Rxd4 Nxd4 25. Bd3 Bxc4 26. Bxc4 Rc8 27. Bd5 Rc2 28. Rd1 Ne2+ 29. Kf1 Nf4 30. Rd4 Rc1+ 31. Kf2 Rc2+ 32. Kf1 {½-½ (32) Varga,P (2421)-Pasztor,F (2296) Nyiregyhaza 2005}) 20... Ba6 (20... d4 $6 {Ftacnik} 21. Re7 $14) 21. Rac1 (21. Re7 {Ftacnik} dxc4 22. Ne4 Nxe4 23. Bxe4 Rfe8 24. Rxa7 Bc8 25. Rc7 f5 26. Bc2 b5 $11) 21... dxc4 22. Nxc4 Nb3 (22... Rd5 $5 {Ftacnik} 23. Bb1 Rfd8 $13) 23. Rc3 Nd4 24. Bh3 (24. Bb1 {Ftacnik} Rfe8 25. Kf2 Rxe1 26. Kxe1 Re8+ $132) (24. Bd3 Nb5 (24... b5 $142 25. Ne3 b4 26. Bxa6 bxc3 27. bxc3 $44 {Kramnik}) 25. Rb3 Nd4 26. Rc3 Nb5 $11) 24... Rfe8 25. Kf2 Rxe1 26. Kxe1 Re8+ 27. Kd2 Ne2 (27... Rd8 {Ftacnik} 28. Ke3 $1) (27... f5 $1 28. Ne3 $8 f4 29. Nc2 $11 {Kramnik}) 28. Re3 (28. Rc2 {Ftacnik} Nf4 $1 $11) 28... Rd8+ 29. Kxe2 Bxc4+ $11 30. Ke1 Kf8 31. Bf5 {True sign of a poor form, black would still have to labour for the half point after more exact 31.c3.} (31. Rc3 {Ftacnik} Re8+ (31... b5 32. b3 $1 Rd3 33. Rxd3 Bxd3 34. Kd2 $16) 32. Kf2 Re2+ 33. Kg3 Be6 34. b4 $14) 31... Re8 32. Rxe8+ Kxe8 33. Kd2 Ke7 34. Ke3 Bd5 35. Kd4 Kd6 36. Be4 Be6 (36... Bxe4 {Ftacnik} 37. Kxe4 Ke6 38. g4 $16) 37. Bd3 Bc8 38. Bc4 Ke7 (38... Be6 {Ftacnik} 39. Bxe6 fxe6 40. g4 $1 $14) 39. Ke4 (39. Kd5 {Ftacnik} Be6+ 40. Kd4 Bc8) 39... Bb7+ 40. Bd5 Bc8 41. Kd4 Bd7 42. Kc4 (42. Bb7 {Ftacnik} Kd6 $11) 42... Be8 43. b4 Bd7 (43... Kd6 {Ftacnik} 44. Kd4 f5 $1 $11) 44. f4 f5 {Ftacnik: White will bot be able to penetrate with a king any further.} 45. Bf3 Kd6 46. Bh5 f6 47. Bd1 Bc6 48. g3 Bd7 49. Bc2 Ke6 50. a4 Kd6 51. a5 Ke6 52. Kd4 $14 1/2-1/2

[Event "Tilburg Fontys"]
[Site "Tilburg"]
[Date "1997.10.08"]
[Round "10"]
[White "Kasparov, Garry"]
[Black "Kramnik, Vladimir"]
[Result "1/2-1/2"]
[WhiteElo "2820"]
[BlackElo "2770"]
[Annotator "Dokhoian,Yury"]
[PlyCount "69"]
[EventDate "1997.09.27"]
[EventType "tourn"]
[EventRounds "11"]
[EventCountry "NED"]
[EventCategory "17"]
[SourceTitle "CBM 061"]
[Source "ChessBase"]
[SourceDate "1997.11.23"]
[SourceVersion "1"]
[SourceVersionDate "1997.11.23"]
[SourceQuality "1"]

1. d4 Nf6 2. c4 e6 3. Nc3 Bb4 4. Qc2 c5 5. dxc5 O-O 6. a3 Bxc5 7. Nf3 Nc6 8. Bg5 Nd4 9. Nxd4 Bxd4 10. e3 Qa5 11. exd4 Qxg5 12. Qd2 Qxd2+ 13. Kxd2 b6 14. b4 d6 ({RR} 14... Bb7 15. f3 d6 16. Bd3 Rfd8 17. Rhb1 Kf8 18. a4 Ke7 19. a5 Bc6 20. b5 Bb7 21. Ra3 g6 22. Rba1 Rab8 23. axb6 axb6 24. Ra7 Nd7 25. Be4 Bxe4 26. fxe4 Rdc8 27. Kd3 f5 28. exf5 gxf5 29. Re1 {Martinovic,S (2565)-Nayhebaver,M (2440) Slovakia 2017 1-0 (43)}) 15. Bd3 ({RR} 15. Be2 Bb7 16. f3 Rfc8 17. a4 a5 18. Rhb1 Bc6 19. bxa5 bxa5 20. Nb5 Rd8 21. Ke3 Kf8 22. Ra3 Ke7 23. Nc3 Rdb8 24. Rab3 Rxb3 25. Rxb3 Nd7 26. Bd3 {½-½ (26) Polugaevsky,L (2575)-Andersson,U (2620) Haninge 1989}) 15... Rd8 16. f3 h5 $146 ({RR} 16... Ba6 17. a4 Rac8 18. b5 Bb7 19. a5 d5 20. c5 bxc5 21. dxc5 Rxc5 22. Na4 Rcc8 23. a6 Ba8 24. b6 axb6 25. Nxb6 Rc7 26. Rhc1 Rxc1 27. Rxc1 Ne8 28. Nxa8 Rxa8 29. Rc6 Kf8 30. Kc3 Ke7 31. Kb4 {Babu,N (2386)-Vijayalakshmi,S (2399) Nagpur 2002 1-0 (42)}) 17. h4 Kf8 18. Rhe1 Bd7 19. Rab1 $6 (19. f4 $142 {eb1,a3-a4-a5}) 19... Rac8 20. Rec1 e5 21. Nb5 Bxb5 22. cxb5 exd4 23. Rc6 Nd5 24. Rbc1 Rxc6 25. bxc6 Nc7 26. Re1 $6 (26. g4 $142 $1 $16) 26... Re8 27. f4 Rxe1 28. Kxe1 Ke7 29. Be2 g6 30. f5 Kf6 31. fxg6 fxg6 32. Kd2 Kf5 33. g3 Ke4 34. a4 Na8 35. Bd3+ 1/2-1/2

[Event "Baku 20 Years"]
[Site "Baku"]
[Date "1980.04.10"]
[Round "9"]
[White "Kasparov, Garry"]
[Black "Lechtynsky, Jiri"]
[Result "1/2-1/2"]
[WhiteElo "2595"]
[BlackElo "2450"]
[PlyCount "57"]
[EventDate "1980.03.30"]
[EventType "tourn"]
[EventRounds "15"]
[EventCountry "URS"]
[EventCategory "10"]
[SourceTitle "EXT 2000"]
[Source "ChessBase"]
[SourceDate "1999.11.16"]
[SourceVersion "1"]
[SourceVersionDate "1999.11.16"]
[SourceQuality "1"]

1. d4 Nf6 2. c4 e6 3. Nc3 Bb4 4. e3 O-O 5. Nge2 d5 6. a3 Be7 7. cxd5 exd5 8. g3 c6 9. Bg2 Bd6 10. O-O Re8 11. Qc2 ({RR} 11. f3 b6 12. e4 dxe4 13. fxe4 Bc7 14. Bg5 h6 15. Bxf6 gxf6 16. Qd2 Kh7 17. e5 f5 18. h4 Rxe5 19. Rad1 Re8 20. Nf4 Bxf4 21. Rxf4 Rg8 22. Kh2 Qf6 23. d5 Bb7 24. d6 Nd7 25. Bh3 Qe5 {Vifleemskaia,S (1942)-Viana,V (1890) chess.com INT 2024 1-0 (34)}) ({RR} 11. b4 Nbd7 12. f3 a5 13. Rb1 axb4 14. axb4 Qb6 15. Qb3 Nf8 16. Kh1 Ne6 17. Na4 Qa7 18. Nec3 b6 19. Nb2 Nc7 {½-½ (19) Schultz,A (2275)-Lechtynsky,J (2349) Germany 2012}) 11... Nbd7 12. b4 Nf8 $146 ({RR} 12... a5 13. Rb1 axb4 14. axb4 Nf8 15. Bd2 Ne6 16. f3 Bc7 17. Nd1 Qd6 18. Nf2 Bb6 19. Rbd1 Bd7 20. Nd3 Ra7 21. Nc5 Rea8 22. Nc1 Bc8 23. Bc3 Ne8 24. Bb2 Qd8 25. N1b3 Nd6 26. Nd2 Nc7 27. Rfe1 {Chernin,A (2475)-Lechtynsky,J (2470) Stary Smokovec 1984 ½-½ (42)}) 13. f3 a5 14. Rb1 axb4 15. axb4 Ne6 16. e4 Qb6 17. Na4 Rxa4 18. Qxa4 dxe4 19. Kh1 exf3 20. Bxf3 Nxd4 21. Nxd4 Qxd4 22. Bb2 Qc4 23. Bxf6 gxf6 24. Bg2 Kg7 25. Qd1 Be5 26. b5 Bg4 27. Qd2 cxb5 28. Rb4 Qe2 29. Rf2 1/2-1/2

[Event "Linares 08th"]
[Site "Linares"]
[Date "1990.??.??"]
[Round "6"]
[White "Kasparov, Garry"]
[Black "Ljubojevic, Ljubomir"]
[Result "1/2-1/2"]
[WhiteElo "2800"]
[BlackElo "2625"]
[Annotator "Ftacnik,Lubomir"]
[PlyCount "54"]
[EventDate "1990.02.??"]
[EventType "tourn"]
[EventRounds "11"]
[EventCountry "ESP"]
[EventCategory "16"]
[SourceTitle "CBM 017"]
[Source "ChessBase"]
[SourceDate "1990.08.01"]
[SourceVersion "1"]
[SourceVersionDate "1990.08.01"]
[SourceQuality "1"]

1. d4 Nf6 2. c4 e6 3. Nc3 Bb4 4. f3 d5 5. a3 Be7 6. e4 dxc4 $5 {N} 7. Bxc4 c5 8. dxc5 (8. d5 $5) 8... Qxd1+ 9. Kxd1 Bxc5 10. Nb5 Bb6 11. e5 $146 ({RR} 11. Bf4 O-O 12. Ne2 Nc6 13. Kc2 {½-½ (13) Papenin,N (2356)-Nazarevich,V (2510) Ternopol 2003}) 11... Nd5 12. Nd6+ (12. f4 { f3, Ljubojevic}) 12... Ke7 13. f4 Nc6 14. Nf3 Ne3+ 15. Bxe3 Bxe3 16. g3 Rd8 17. b4 $5 (17. Ke2 Bc5 18. Nxc8+ Raxc8 $10) 17... f6 18. Ke2 Bd4 19. b5 Bxa1 20. bxc6 fxe5 21. Nxc8+ Raxc8 22. Rxa1 exf4 23. Rb1 Rxc6 24. Rxb7+ Kf6 25. Rb4 $6 fxg3 $6 (25... e5 $15) 26. hxg3 h5 27. Ke3 e5 {Ftacnik,L} 1/2-1/2

[Event "Evry sim"]
[Site "Evry"]
[Date "1988.??.??"]
[Round "?"]
[White "Kasparov, Garry"]
[Black "Miralles, Gilles"]
[Result "1-0"]
[WhiteElo "2750"]
[BlackElo "2430"]
[PlyCount "99"]
[EventDate "1988.??.??"]
[EventType "simul"]
[EventRounds "1"]
[EventCountry "FRA"]
[SourceTitle "EXT 2004"]
[Source "ChessBase"]
[SourceDate "2003.11.25"]
[SourceVersion "1"]
[SourceVersionDate "2003.11.25"]
[SourceQuality "1"]

1. d4 Nf6 2. c4 e6 3. Nc3 Bb4 4. Nf3 c5 5. g3 cxd4 6. Nxd4 O-O 7. Bg2 d5 8. cxd5 Nxd5 9. Bd2 Bxc3 10. bxc3 e5 11. Nb5 Nc6 ({RR} 11... a6 12. Bc1 Be6 13. c4 Ne7 14. Nd6 Nbc6 15. O-O b6 16. Ba3 Ra7 17. c5 bxc5 18. Ne4 c4 19. Ng5 Qxd1 20. Rfxd1 Rc8 21. Nxe6 fxe6 22. Rac1 Nd4 23. Kf1 Nb5 24. Bxe7 Rxe7 25. a4 Nd4 26. e3 {Kasparov,G (2812)-Kramnik,V (2751) Wijk aan Zee 1999 ½-½ (36)}) 12. O-O Be6 13. Bc1 ({RR} 13. c4 Nb6 14. c5 Nc4 15. Bc3 Rc8 16. Rc1 a6 17. Nd6 Nxd6 18. cxd6 Qd7 19. Bxc6 Rxc6 20. Bxe5 f6 21. Bf4 g5 22. Be3 Rxd6 23. Qc2 Rc8 24. Qb2 Kf7 25. Rxc8 Qxc8 26. Rc1 Rc6 27. Rxc6 Qxc6 {Adhiban,B (2654)-Vitiugov,N (2747) Moscow 2019 ½-½}) 13... Qa5 $146 ({RR} 13... a6 14. c4 Nde7 15. Nd6 b6 16. Ba3 Ra7 17. Qc2 Rd7 18. Rad1 Qc7 19. e3 Rfd8 20. c5 bxc5 21. Qxc5 Qa5 22. Qc1 Qa4 23. Rd2 Nb4 24. Qb2 a5 25. Ne4 Rxd2 26. Nxd2 Ned5 27. Ne4 Nd3 28. Qb3 {Campos Moreno,J (2445)-David,A (2425) Moscow 1994 0-1 (65)}) ({RR} 13... a6 14. c4 Nb6 15. Nd6 Qc7 16. c5 Nc4 17. Rb1 Rab8 18. Qa4 Nd4 19. Nxc4 Nxe2+ 20. Kh1 Nc3 21. Qb4 Nxb1 22. Nb6 a5 23. Qxb1 Qxc5 24. a4 Rfd8 25. Be3 Qb4 26. Qa1 f6 27. Rb1 Qg4 28. h3 {Topalov,V (2700)-Karpov,A (2710) Monte Carlo 1999 1-0 (44)}) 14. Bxd5 Bxd5 15. Qxd5 a6 16. c4 axb5 17. cxb5 Nd4 18. Bb2 Qxb5 19. Qxb5 Nxb5 20. Bxe5 Rfe8 21. Bf4 Rxe2 22. Rfb1 Nd4 23. Rxb7 h6 24. a4 Ra5 25. Rd7 Nc2 26. Ra2 Nb4 27. Ra3 Nc2 28. Rc3 Rxa4 29. Rc8+ Kh7 30. Rxf7 Nd4 31. Be3 Kg6 32. Rff8 Rc2 33. Rce8 Rc6 34. Kg2 Ne6 35. Rh8 Rac4 36. h4 Nd4 37. g4 Ne6 38. Kg3 Kf7 39. Rb8 Rc7 40. Rb5 Nc5 41. Rd8 Ne4+ 42. Kf3 Nf6 43. g5 hxg5 44. hxg5 Nh5 45. Rd6 Ke7 46. Rbb6 Rc8 47. g6 Rf8+ 48. Ke2 Nf4+ 49. Kd2 Rc7 50. Rd4 1-0

[Event "Olympiad-31"]
[Site "Moscow"]
[Date "1994.12.09"]
[Round "8.1"]
[White "Kasparov, Garry"]
[Black "Nikolic, Predrag"]
[Result "1/2-1/2"]
[WhiteElo "2805"]
[BlackElo "2655"]
[Annotator "Dautov,Rustem"]
[PlyCount "40"]
[EventDate "1994.12.01"]
[EventType "team-swiss"]
[EventRounds "14"]
[EventCountry "RUS"]
[SourceTitle "CBM 045"]
[Source "ChessBase"]
[SourceDate "1995.04.01"]
[SourceVersion "1"]
[SourceVersionDate "1995.04.01"]
[SourceQuality "1"]
[WhiteTeam "Russia"]
[BlackTeam "Bosnia&Herzegovina"]
[WhiteTeamCountry "RUS"]
[BlackTeamCountry "BIH"]

1. d4 Nf6 2. c4 e6 3. Nc3 Bb4 4. Qc2 d5 5. cxd5 Qxd5 6. e3 (6. Nf3 Qf5) 6... c5 7. a3 (7. Bd2 Bxc3 8. bxc3 O-O 9. Nf3 Nc6 10. c4 Qd6 11. dxc5 Qxc5 12. Rb1 e5 13. Ng5 h6 14. Ne4 Nxe4 15. Qxe4 Rd8 16. Rb5 Qe7 17. Be2 b6 18. Bf3 Bb7 $15 {Alekhine-Euwe/Amsterdam Wch (20)/1937}) 7... cxd4 $5 {N} (7... Bxc3+ 8. bxc3 O-O (8... Nc6 9. Nf3 O-O 10. c4 Qd6 11. Bb2 cxd4 12. exd4 b6 13. Bd3 Bb7 14. O-O Rac8 15. Qe2 Qf4 16. Rad1 Rfe8 17. h3 Na5 18. Ne5 Be4 19. Rfe1 Bxd3 20. Qxd3 $14 {Alekhine-Euwe/The Hague Wch (10)/1937}) 9. Nf3 cxd4 10. cxd4 b6 11. Bc4 Qc6 12. Bd3 Qxc2 13. Bxc2 Ba6 14. Ne5 Nbd7 15. Nxd7 Nxd7 16. Bb2 Rac8 17. Rc1 Rfd8 18. f3 e5 19. Kf2 exd4 20. Bxd4 Nc5 $10 {Alekhine-Euwe/Amsterdam Wch (12)/1937}) 8. axb4 (8. exd4 $6 Bxc3+ 9. bxc3 O-O 10. Nf3 Nc6 11. Bd3 e5 12. c4 Qd6 13. d5 e4 14. Bxe4 Re8 $15) 8... dxc3 9. bxc3 (9. Qxc3 O-O 10. Nf3 b6 11. Bc4 Qd6 12. O-O Bb7 $10) 9... b5 $5 (9... O-O 10. c4 Qe4 (10... Qd6 11. c5 Qc7 12. Bb2 Nbd7 (12... Nd5 $6 13. e4 Nf4 (13... Nxb4 $4 14. Qc3 $18) 14. Qc3 f6 15. g3 Ng6 16. Bc4 $14) 13. Nf3 $14) (10... Qd8 11. Nf3 $14) 11. Qxe4 Nxe4 12. Bd3 Nf6 13. Bb2 $14) 10. Nf3 O-O 11. c4 (11. Be2 Bb7 12. O-O Rc8 13. Ra5 a6 14. c4 Qd8 $132 {c6}) 11... bxc4 12. Bxc4 Qe4 13. Bd3 $146 (13. Qxe4 {} Nxe4 14. Ke2 Bb7 15. Bb2 Nd7 16. Rhc1 $14) ({RR} 13. Qxe4 Nxe4 14. Bb2 Bb7 15. Ke2 Nd7 16. Rhc1 Nb6 17. Bd3 Rfc8 18. Rxc8+ Nxc8 19. Nd2 Ncd6 20. Nc4 Nxc4 21. Bxc4 Nd6 22. Bd3 a6 23. Be5 Nb5 24. Bxb5 axb5 25. Rxa8+ {½-½ (25) Maisuradze,N (2118)-Matnadze,A (2307) Tbilisi 2000}) 13... Qxb4+ 14. Ke2 Qb6 15. Ba3 (15. Bb2 Nbd7 16. Bd4 Qb8 17. Ng5 (17. Rhb1 Bb7) 17... h6 18. Nh7 Nxh7 19. Bxh7+ Kh8 20. Rhb1 Bb7 21. Be4 Bxe4 22. Qxe4 Qd6 $10) 15... Re8 16. Bc5 (16. Rhb1 Qc6 $10) 16... Qc7 17. Rhc1 a5 18. Bb4 Qxc2+ 19. Rxc2 Ba6 $10 20. Rxa5 Bxd3+ 1/2-1/2

[Event "World Cup"]
[Site "Barcelona"]
[Date "1989.03.??"]
[Round "14"]
[White "Kasparov, Garry"]
[Black "Nikolic, Predrag"]
[Result "1/2-1/2"]
[WhiteElo "2775"]
[BlackElo "2605"]
[PlyCount "73"]
[EventDate "1989.03.??"]
[EventType "tourn"]
[EventRounds "17"]
[EventCountry "ESP"]
[EventCategory "15"]
[SourceTitle "CBM 012"]
[Source "ChessBase"]
[SourceDate "1989.10.01"]
[SourceVersion "1"]
[SourceVersionDate "1989.10.01"]
[SourceQuality "1"]

1. d4 {Georgiev,Ki/Kostakiev,D} Nf6 2. c4 e6 3. Nc3 Bb4 4. Qc2 d5 5. a3 Bxc3+ 6. Qxc3 Ne4 7. Qc2 e5 8. e3 exd4 9. cxd5 Qxd5 10. Nf3 Qc6 ({RR} 10... Nd6) 11. Nxd4 Qxc2 12. Nxc2 Nc6 ({RR} 12... c5 13. f3) 13. b4 ({RR} 13. f3) 13... Be6 14. Bb2 O-O 15. Rc1 Nd6 16. b5 $146 ({RR} 16. Nd4 Nxd4 17. Bxd4 Rfc8 ({RR} 17... c6) 18. Be2 Bd7 19. Bf3 ({RR} 19. O-O Bb5) 19... a5 20. Bc5 ({RR} 20. O-O axb4 21. axb4 Ra4 22. Bc5 b6 23. Bxd6 cxd6 24. Rxc8+ Bxc8 25. Rc1 Be6 26. b5 Rb4) 20... axb4 21. Bxb4 Bb5 ({RR} 21... Bc6 22. Bxc6 bxc6 23. Rxc6 Nb5 24. Ke2 Nxa3 25. Rhc1 Nb5) 22. h4 h6 ({RR} 22... Bc6) 23. h5 Rab8 24. Rh4 Ne8 25. Be7 c6 26. a4 Ba6 27. Rd4 Nc7 28. Bg4 ({RR} 28. Rd7) 28... Re8 29. Bd6 Rbd8 30. Rcd1 Ne6 {Georgiev,K (2670)-Sax,G (2570) Germany 1997 CBM 062 [Georgiev,Ki/Kostakiev,D] 1-0 (40)}) ({RR} 16. f3 a5 17. b5) 16... Na5 17. Nd4 Bc4 18. Bc3 Bxf1 19. Rxf1 Nac4 20. Bb4 Rfc8 21. Ke2 a6 22. Bxd6 Nxd6 23. a4 axb5 24. axb5 Ra5 25. Rb1 Ra2+ 26. Kf3 Re8 27. Ra1 Rb2 28. Rfb1 Rxb1 29. Rxb1 Re5 30. g4 h5 31. h3 hxg4+ 32. hxg4 g6 33. Ke2 Rc5 34. Kd3 b6 35. f3 f5 36. gxf5 gxf5 37. e4 1/2-1/2